000 00767nam a2200241 a 4500
001 000014803
005 20200929163914.0
008 100122s1975 mx e|| 000 | spa d
040 _aDO-SdBNP
_bspa
082 _a401
_bS296l, 1975
100 1 _aSchaff, Adam
_933541
240 1 0 _aJezik a poznanif.
_1Español
245 1 0 _aLenguaje y conocimiento /
_cAdam Schaff ; versión al español del Mireia Bofill.
250 _a2a ed.
260 _aMéxico, D. F. :
_bGrijalbo,
_c1975.
300 _a269 p. ;
_c19 cm.
490 0 _aTeoría y praxis040
_v11
534 _pTítulo original:
_tJezik a poznanif
650 1 4 _aFilosofía del lenguaje
_911270
650 4 _aLenguaje y cultura
_910051
650 4 _aLingüística
_94035
700 1 _aBofill, Mireia,
_etr.
_933542
999 _c14384
_d14384